000 00341nam a2200145Ia 4500
005 20251222142031.0
008 251222s9999||||xx |||||||||||||| ||spa||
020 _a84-08-06526-2
082 _a249.5/M22
100 _aManglano, José Pedro
245 0 _aEl Libro de la Confesión:
250 _a2a.ed.
264 _bPlaneta
942 _cLIB
999 _c10974
_d10974